|
|
|
|
| LEADER |
00000cam a2200000 a 4500 |
| 001 |
vtls010284708 |
| 003 |
SK-MaSNL |
| 005 |
20260301131935.0 |
| 008 |
180809s2011 xo o g c 000 0 slo |
| 015 |
|
|
|a SNBE2013
|
| 020 |
|
|
|a 9788097071462
|q (brož.)
|
| 040 |
|
|
|a SNK
|b slo
|c SNK
|e AACR2
|
| 041 |
0 |
|
|a slo
|
| 043 |
|
|
|a e-xo---
|
| 044 |
|
|
|a xo
|c SK
|
| 072 |
|
7 |
|a 77
|x Fotografia. Fotografické postupy
|2 konspekt
|
| 080 |
|
|
|a 77.092
|2 2001
|
| 080 |
|
|
|a (437.6)
|2 2001
|
| 080 |
|
|
|a (083.824)
|2 2001
|
| 080 |
|
|
|a 77.03/.08-027.562
|2 2001
|
| 111 |
2 |
|
|a AMFO
|d (2011 :
|c Košice, Slovensko)
|9 481947
|
| 245 |
1 |
0 |
|a AMFO 2011
|b krajská súťaž a výstava amatérskej fotografie Košického samosprávneho kraja : 1.-24. jún 2011, kultúrne centrum KSK, Košice
|c [zostavil Helga Tomondyová]
|
| 250 |
|
|
|a [1. vyd.]
|
| 260 |
|
|
|a [Košice]
|b Kultúrne centrum Košického samosprávneho kraja
|c 2011
|
| 300 |
|
|
|a [15] s.
|b fotogr.
|c 21 cm
|
| 366 |
|
|
|e 350 výt.
|
| 611 |
2 |
7 |
|a AMFO
|d (2011 :
|c Košice, Slovensko)
|2 SNKKA
|9 481947
|
| 650 |
0 |
7 |
|a fotografické súťaže
|2 SNKPH
|9 2908
|
| 650 |
0 |
7 |
|a Photographic competitions
|2 SNKPHeng
|9 302745
|
| 650 |
0 |
7 |
|a amatérska fotografia
|2 SNKPH
|9 72795
|
| 650 |
0 |
7 |
|a Amateur photography
|2 SNKPHeng
|9 270760
|
| 651 |
|
7 |
|a Košice (Slovensko)
|2 SNKPH
|9 18694
|
| 651 |
|
7 |
|a Košice (Slovakia)
|2 SNKPHeng
|9 265902
|
| 655 |
|
7 |
|a katalógy výstav
|2 SNKPH
|9 70445
|
| 655 |
|
7 |
|a Exhibition catalogs
|2 SNKPHeng
|9 266232
|
| 700 |
1 |
|
|a Tomondyová, Helga
|4 com
|9 12119
|
| 852 |
|
|
|a Štátna vedecká knižnica v Banskej Bystrici
|
| 919 |
|
|
|a 978-80-970714-6-2
|
| 999 |
|
|
|c 749593
|d 751523
|
| 952 |
|
|
|a SNK
|b SNK
|y PREZ
|7 0
|p 17A0704936
|o snkOSC 25576
|i snk2011/13244
|8 0
|0 0
|1 0
|4 0
|d 2011-06-09
|l 0
|r 2026-02-23 23:27:52
|w 2026-02-23
|
| 952 |
|
|
|a SNK
|b SNK
|y VYP
|7 0
|p 17A0704935
|o snkOSC 25576 D1
|i snk2011/13245
|8 0
|0 0
|1 0
|4 0
|d 2011-06-09
|l 0
|r 2026-02-23 23:27:52
|w 2026-02-23
|